A palatális határozott névelő kérdéséhez
Elmentve itt :
| Szerző: | |
|---|---|
| Testületi szerző: | |
| Dokumentumtípus: | Könyv része |
| Megjelent: |
2010
|
| Sorozat: | LingDok : nyelvész-doktoranduszok dolgozatai
LingDok 9. |
| Kulcsszavak: | Nyelvészet |
| Tárgyszavak: | |
| Online Access: | http://acta.bibl.u-szeged.hu/62944 |
| LEADER | 00796naa a2200229 i 4500 | ||
|---|---|---|---|
| 001 | acta62944 | ||
| 005 | 20220110105309.0 | ||
| 008 | 191128s2010 hu o 0|| hun d | ||
| 022 | |a 2416-0601 | ||
| 040 | |a SZTE Egyetemi Kiadványok Repozitórium |b hun | ||
| 041 | |a hun | ||
| 100 | 1 | |a Farkas Judit | |
| 245 | 1 | 2 | |a A palatális határozott névelő kérdéséhez |h [elektronikus dokumentum] / |c Farkas Judit |
| 260 | |c 2010 | ||
| 300 | |a 33-50 | ||
| 490 | 0 | |a LingDok : nyelvész-doktoranduszok dolgozatai | |
| 490 | 0 | |a LingDok 9. | |
| 650 | 4 | |a Bölcsészettudományok | |
| 650 | 4 | |a Nyelvek és irodalom | |
| 695 | |a Nyelvészet | ||
| 710 | |a Országos Nyelvészeti Doktorandusz Konferencia (12.) (2008) (Szeged) | ||
| 856 | 4 | 0 | |u http://acta.bibl.u-szeged.hu/62944/1/lingdok_009_033-050.pdf |z Dokumentum-elérés |